Inner product spaces and applications
Αποθηκεύτηκε σε:
| Άλλοι συγγραφείς: | |
|---|---|
| Μορφή: | Βιβλίο |
| Γλώσσα: | English |
| Δημοσίευση: |
Harlow ;
Longman,
c1997.
|
| Σειρά: | Pitman research notes in mathematics series
; 376 |
| Θέματα: | |
| Ετικέτες: |
Προσθήκη ετικέτας
Δεν υπάρχουν, Καταχωρήστε ετικέτα πρώτοι!
|
MARC
| LEADER | 00000nam a2200000 a 4500 | ||
|---|---|---|---|
| 001 | 1/126188 | ||
| 008 | 230222t1997 enk| ||| |||| ||eng|| | ||
| 020 | |a 0582317118 | ||
| 040 | |a GR-MyUa |b gre |c GR-MyUa |e AACR2 | ||
| 041 | 0 | |a eng | |
| 082 | 7 | |a 515.7 |2 (23) | |
| 245 | 1 | 0 | |a Inner product spaces and applications / |c Themistocles M. Rassias (editor). |
| 260 | |a Harlow ; |b Longman, |c c1997. | ||
| 300 | |a 269 σ. : |b εικ. ; |c 25 εκ. | ||
| 490 | 1 | |a (Pitman research notes in mathematics series ; |v 376) | |
| 504 | |a Περιέχει βιβλιογραφικές αναφορές. | ||
| 500 | |a Στο εσώφυλλο του βιβλίου υπάρχει χειρόγραφη αφιέρωση του συγγραφέα "Στον αγαπητό μου καθηγητή κύριον Γ. Παντελίδη, με εκτίμηση Θ.Μ. Ρασσιάς, 8 Ιαν. '98". | ||
| 650 | 0 | |a Inner product spaces. | |
| 650 | 0 | |a Hilbert space. | |
| 700 | 1 | |a Rassias, Themistocles M., |d 1951- |e edt | |
| 830 | 0 | |a Pitman research notes in mathematics series |v ; 376 | |
| 852 | |a INST |b SAMOS |e 20230221 |h 515.733 INN |p 005300048132 |q 005300048132 |t BK |y 0 | ||
| 970 | |a Γουβάλα |b Βάσω |z 22-02-2023 | ||